01405nam a2200385 i 450000100060000000300090000600500170001500800410003202000150007304000260008804600090011408000070012308000120013010000280014224500830017025000280025326000480028130000520032933600270038133700540040833800280046238000160049038000270050638800140053338800140054750400410056152101770060265000120077965000290079165000220082065500350084265800150087771000290089285600980092151490KOSZ 00520200602094419.0200602s2000 pl a f 001 0 pol d a8391086623 aKOSZ 005cKOSZ 005/RW k2000 a51 a(075.8)1 aGilewicz, JanuszeAutor10aMatematyka z zastosowaniami w naukach ekonomicznych.nT. 1 /cJanusz Gilewicz. aWydanie 2 uzupełnione. aKoszalin ;aKołobrzeg :b"Epsilon",c2000. a295 stron :brysunki, wykresy, errata ;c24 cm. aTekstbtxt2rdacontent aBez urządzenia pośredniczącegobn2rdamedia aWoluminbnc2rdacarrier aKsiążki aPublikacje dydaktyczne a1901-2000 a1989-2000 aBibliografia na stronie 295. Indeks.8 aKsiążka jest adresowana przede wszystkim do studentów studiujących na pierwszym roku studiów zaocznych na kierunkach: "Zarządzanie i Marketing" oraz "Ekonomia". 7aAlgebra 7aRachunek różniczkowy 7aRachunek całkowy 7aPodręczniki akademickie2DBN aMatematyka2 aWydawnictwo Epsilon4pbl uhttp://koha.tu.koszalin.pl/cgi-bin/koha/opac-detail.pl?biblionumber=51490yKatalog online BPK